Self Reliant India/ (Record no. 212423)

MARC details
000 -LEADER
fixed length control field 00614nam a22001937a 4500
005 - DATE AND TIME OF LATEST TRANSACTION
control field 20250718114822.0
010 ## - LCCN (DPL NO)
LC control number ENG-146021
020 ## - INTERNATIONAL STANDARD BOOK NUMBER
International Standard Book Number 9789392568695
Terms of availability 975.00
035 ## - SYSTEM CONTROL NUMBER
System control number EN-129553
037 ## - SOURCE OF ACQUISITION
Source of stock number/acquisition DBAD
082 ## - DEWEY DECIMAL CLASSIFICATION NUMBER
Classification number 954
Edition number 1
245 ## - TITLE STATEMENT
Title Self Reliant India/
Statement of responsibility, etc Edited By Vipin Chand Rai
250 ## - EDITION STATEMENT
Edition statement 1
260 ## - PUBLICATION, DISTRIBUTION, ETC. (IMPRINT)
Place of publication, distribution, etc Chhattisgrah
Name of publisher, distributor, etc Aditi Publication
Date of publication, distribution, etc 2024
270 ## - ADDRESS
Address Aditi Publication Opp.New Panchajanya Vidya Mandir, Near Tiranga Chowk, Kushalpur,Raipur, Chhattisgrah,INDIA
City Raipur
Telephone number +91 9425210308
300 ## - PHYSICAL DESCRIPTION
Extent 393p.
Dimensions 21cm(pb)
760 ## - MAIN SERIES ENTRY
Edition 1
942 ## - ADDED ENTRY ELEMENTS (KOHA)
Source of classification or shelving scheme Dewey Decimal Classification
Item type English Books
Classification part 954
Call number suffix SEL
Edition 1
Holdings
Withdrawn status Lost status Not for loan Collection code Home library Current library Date acquired Source of acquisition Cost, normal purchase price Full call number Barcode Copy number Cost, replacement price Koha item type
      Non-fiction Sarojini Nagar Sarojini Nagar 18/07/2025 Delivery of Books Act Division 975.00 954 SEL EN-129553 1 975.00 English Books

© Delhi Public Library
Hit Counter
free hit counter